Statistics for Math terms beginning with "P"

Click here to take the quiz!

General Stats

  • This quiz has been taken 286 times
  • The average score is 10 of 15

Answer Stats

HintAnswer% Correct
Two lines in the same plane that never intersectParallel
96%
A five-sided polygonPentagon
95%
A number that has only two factors, one and itselfPrime
93%
The ratio of the circumference of a circle to its diameterPi
88%
The answer to a multiplication problemProduct
88%
The distance around a rectanglePerimeter
86%
A chance of an event occurringProbability
85%
A ratio that compares a number to 100Percent
74%
A quadrilateral having two pairs of parallel sidesParallelogram
64%
A^2+B^2=C^2Pythagorean
62%
A fraction with a numerator that is smaller than its denominatorProper fraction
37%
Two equal ratiosProportion
33%
An algebraic expression having two or more termsPolynomial
26%
Possible order or arrangements of a set of eventsPermutations
22%
A three-dimensional figure in which all the surfaces are polygonsPolyhedron
17%

Score Distribution

Percentile by Number Answered

Percent of People with Each Score

Your Score History

You have not taken this quiz